01309nam a2200289 a 4500001001000000003000400010005001700014008004100031040002500072082002000097100004200117245006600159260006900225300002100294490004900315490002800364500005200392504007300444590002700517650004200544830006000586830003900646942001400685952017500699952012800874999001701002000046019OSt20250210113909.0090929s1988 dr r 000 0 spa d aDO-SdBNPbspacBNPHU a341bA696f 19881 aArias, Luis,q(Arias Núñez)9935610aFundamentos de derecho internacional público /cLuis Arias. aSanto Domingo :bUniversidad Autónoma de Santo Domingo,c1988. a135 p. ;c21 cm.1 aUniversidad Autónoma de Santo Domingov2821 aDerecho y políticav2 aIncluye datos biográficos en la contraportada aIncluye referencias bibliográficas y notas al pie de las páginas aInventariado, 2020 /LP 4aDerecho internacional público99388 0aUniversidad Autónoma de Santo Domingo, no. 282917164 0aDerecho y politíca, no. 2977396 2ddccLBS1 00102ddc51718PDaBNPHUbPDcHDd2015-06-11iLF1l0o341 A696f, 1988p46019-10r2020-06-25w2020-06-25yLFPDzPerteneció a la biblioteca personal de Erick Landestoy. 00102ddc51728MOaBNPHUbPDcHDd2020-11-27eFamilia Reyes Duluc.l0o341 A696f 1988r2020-11-27te. 2w2020-11-27yLBS1 c45508d45508